<?xml version="1.0" encoding="UTF-8"?>
<record
    xmlns:xsi="http://www.w3.org/2001/XMLSchema-instance"
    xsi:schemaLocation="http://www.loc.gov/MARC21/slim http://www.loc.gov/standards/marcxml/schema/MARC21slim.xsd"
    xmlns="http://www.loc.gov/MARC21/slim">

  <leader>00889nam a22002537a 4500</leader>
  <datafield tag="952" ind1=" " ind2=" ">
    <subfield code="a">0002</subfield>
    <subfield code="b">0002</subfield>
    <subfield code="d">2021-06-25</subfield>
    <subfield code="l">0</subfield>
    <subfield code="o">DAN 034 B99 [1993?]</subfield>
    <subfield code="p">P00731</subfield>
    <subfield code="r">2021-06-25 00:00:00</subfield>
    <subfield code="t">c.21</subfield>
    <subfield code="w">2021-06-25</subfield>
    <subfield code="y">BKS</subfield>
  </datafield>
  <datafield tag="952" ind1=" " ind2=" ">
    <subfield code="a">0002</subfield>
    <subfield code="b">0002</subfield>
    <subfield code="d">2021-06-25</subfield>
    <subfield code="l">0</subfield>
    <subfield code="o">DAN 034 B99 [1993?]</subfield>
    <subfield code="p">P00732</subfield>
    <subfield code="r">2021-06-25 00:00:00</subfield>
    <subfield code="t">c.16</subfield>
    <subfield code="w">2021-06-25</subfield>
    <subfield code="y">BKS</subfield>
  </datafield>
  <datafield tag="952" ind1=" " ind2=" ">
    <subfield code="a">0002</subfield>
    <subfield code="b">0002</subfield>
    <subfield code="d">2021-06-25</subfield>
    <subfield code="l">0</subfield>
    <subfield code="o">DAN 034 B99 [1993?]</subfield>
    <subfield code="p">P00733</subfield>
    <subfield code="r">2021-06-25 00:00:00</subfield>
    <subfield code="t">c.15</subfield>
    <subfield code="w">2021-06-25</subfield>
    <subfield code="y">BKS</subfield>
  </datafield>
  <datafield tag="952" ind1=" " ind2=" ">
    <subfield code="a">0002</subfield>
    <subfield code="b">0002</subfield>
    <subfield code="d">2021-06-25</subfield>
    <subfield code="l">0</subfield>
    <subfield code="o">DAN 034 B99 [1993?]</subfield>
    <subfield code="p">P00734</subfield>
    <subfield code="r">2021-06-25 00:00:00</subfield>
    <subfield code="t">c.4</subfield>
    <subfield code="w">2021-06-25</subfield>
    <subfield code="y">BKS</subfield>
  </datafield>
  <datafield tag="952" ind1=" " ind2=" ">
    <subfield code="a">0002</subfield>
    <subfield code="b">0002</subfield>
    <subfield code="d">2021-06-25</subfield>
    <subfield code="l">0</subfield>
    <subfield code="o">DAN 034 B99 [1993?]</subfield>
    <subfield code="p">P00735</subfield>
    <subfield code="r">2021-06-25 00:00:00</subfield>
    <subfield code="t">c.3</subfield>
    <subfield code="w">2021-06-25</subfield>
    <subfield code="y">BKS</subfield>
  </datafield>
  <datafield tag="952" ind1=" " ind2=" ">
    <subfield code="a">0002</subfield>
    <subfield code="b">0002</subfield>
    <subfield code="d">2021-06-25</subfield>
    <subfield code="l">0</subfield>
    <subfield code="o">DAN 034 B99 [1993?]</subfield>
    <subfield code="p">P00736</subfield>
    <subfield code="r">2021-06-25 00:00:00</subfield>
    <subfield code="t">c.5</subfield>
    <subfield code="w">2021-06-25</subfield>
    <subfield code="y">BKS</subfield>
  </datafield>
  <datafield tag="952" ind1=" " ind2=" ">
    <subfield code="a">0002</subfield>
    <subfield code="b">0002</subfield>
    <subfield code="d">2021-06-25</subfield>
    <subfield code="l">0</subfield>
    <subfield code="o">DAN 034 B99 [1993?]</subfield>
    <subfield code="p">P00737</subfield>
    <subfield code="r">2021-06-25 00:00:00</subfield>
    <subfield code="t">c.23</subfield>
    <subfield code="w">2021-06-25</subfield>
    <subfield code="y">BKS</subfield>
  </datafield>
  <datafield tag="952" ind1=" " ind2=" ">
    <subfield code="a">0002</subfield>
    <subfield code="b">0002</subfield>
    <subfield code="d">2021-06-25</subfield>
    <subfield code="l">0</subfield>
    <subfield code="o">DAN 034 B99 [1993?]</subfield>
    <subfield code="p">P00738</subfield>
    <subfield code="r">2021-06-25 00:00:00</subfield>
    <subfield code="t">c.22</subfield>
    <subfield code="w">2021-06-25</subfield>
    <subfield code="y">BKS</subfield>
  </datafield>
  <datafield tag="952" ind1=" " ind2=" ">
    <subfield code="a">0002</subfield>
    <subfield code="b">0002</subfield>
    <subfield code="d">2021-06-25</subfield>
    <subfield code="l">0</subfield>
    <subfield code="o">DAN 034 B99 [1993?]</subfield>
    <subfield code="p">P00739</subfield>
    <subfield code="r">2021-06-25 00:00:00</subfield>
    <subfield code="t">c.1</subfield>
    <subfield code="w">2021-06-25</subfield>
    <subfield code="y">BKS</subfield>
  </datafield>
  <datafield tag="952" ind1=" " ind2=" ">
    <subfield code="a">0002</subfield>
    <subfield code="b">0002</subfield>
    <subfield code="d">2021-06-25</subfield>
    <subfield code="l">0</subfield>
    <subfield code="o">DAN 034 B99 [1993?]</subfield>
    <subfield code="p">P00740</subfield>
    <subfield code="r">2021-06-25 00:00:00</subfield>
    <subfield code="t">c.6</subfield>
    <subfield code="w">2021-06-25</subfield>
    <subfield code="y">BKS</subfield>
  </datafield>
  <datafield tag="952" ind1=" " ind2=" ">
    <subfield code="a">0002</subfield>
    <subfield code="b">0002</subfield>
    <subfield code="d">2021-06-25</subfield>
    <subfield code="l">0</subfield>
    <subfield code="o">DAN 034 B99 [1993?]</subfield>
    <subfield code="p">P00741</subfield>
    <subfield code="r">2021-06-25 00:00:00</subfield>
    <subfield code="t">c.7</subfield>
    <subfield code="w">2021-06-25</subfield>
    <subfield code="y">BKS</subfield>
  </datafield>
  <datafield tag="952" ind1=" " ind2=" ">
    <subfield code="a">0002</subfield>
    <subfield code="b">0002</subfield>
    <subfield code="d">2021-06-25</subfield>
    <subfield code="l">0</subfield>
    <subfield code="o">DAN 034 B99 [1993?]</subfield>
    <subfield code="p">P00742</subfield>
    <subfield code="r">2021-06-25 00:00:00</subfield>
    <subfield code="t">c.24</subfield>
    <subfield code="w">2021-06-25</subfield>
    <subfield code="y">BKS</subfield>
  </datafield>
  <datafield tag="952" ind1=" " ind2=" ">
    <subfield code="a">0002</subfield>
    <subfield code="b">0002</subfield>
    <subfield code="d">2021-06-25</subfield>
    <subfield code="l">0</subfield>
    <subfield code="o">DAN 034 B99 [1993?]</subfield>
    <subfield code="p">P00743</subfield>
    <subfield code="r">2021-06-25 00:00:00</subfield>
    <subfield code="t">c.13</subfield>
    <subfield code="w">2021-06-25</subfield>
    <subfield code="y">BKS</subfield>
  </datafield>
  <datafield tag="952" ind1=" " ind2=" ">
    <subfield code="a">0002</subfield>
    <subfield code="b">0002</subfield>
    <subfield code="d">2021-06-25</subfield>
    <subfield code="l">0</subfield>
    <subfield code="o">DAN 034 B99 [1993?]</subfield>
    <subfield code="p">P00744</subfield>
    <subfield code="r">2021-06-25 00:00:00</subfield>
    <subfield code="t">c.14</subfield>
    <subfield code="w">2021-06-25</subfield>
    <subfield code="y">BKS</subfield>
  </datafield>
  <datafield tag="952" ind1=" " ind2=" ">
    <subfield code="a">0002</subfield>
    <subfield code="b">0002</subfield>
    <subfield code="d">2021-06-25</subfield>
    <subfield code="l">0</subfield>
    <subfield code="o">DAN 034 B99 [1993?]</subfield>
    <subfield code="p">P00745</subfield>
    <subfield code="r">2021-06-25 00:00:00</subfield>
    <subfield code="t">c.19</subfield>
    <subfield code="w">2021-06-25</subfield>
    <subfield code="y">BKS</subfield>
  </datafield>
  <datafield tag="952" ind1=" " ind2=" ">
    <subfield code="a">0002</subfield>
    <subfield code="b">0002</subfield>
    <subfield code="d">2021-06-25</subfield>
    <subfield code="l">0</subfield>
    <subfield code="o">DAN 034 B99 [1993?]</subfield>
    <subfield code="p">P00746</subfield>
    <subfield code="r">2021-06-25 00:00:00</subfield>
    <subfield code="t">c.20</subfield>
    <subfield code="w">2021-06-25</subfield>
    <subfield code="y">BKS</subfield>
  </datafield>
  <datafield tag="952" ind1=" " ind2=" ">
    <subfield code="a">0002</subfield>
    <subfield code="b">0002</subfield>
    <subfield code="d">2021-06-30</subfield>
    <subfield code="l">0</subfield>
    <subfield code="o">DAN 034 B99 [1993?]</subfield>
    <subfield code="p">P00795</subfield>
    <subfield code="r">2021-06-30 00:00:00</subfield>
    <subfield code="t">c.2</subfield>
    <subfield code="w">2021-06-30</subfield>
    <subfield code="x">Emin De&#x11F;er Ba&#x11F;&#x131;&#x15F;&#x131;d&#x131;r.</subfield>
    <subfield code="y">BKS</subfield>
  </datafield>
  <datafield tag="999" ind1=" " ind2=" ">
    <subfield code="c">14436</subfield>
    <subfield code="d">14436</subfield>
  </datafield>
  <controlfield tag="003">MIRAKIL</controlfield>
  <controlfield tag="005">20210625124755.0</controlfield>
  <controlfield tag="008">210625b        tu ||||| |||| 00| 0 tur d</controlfield>
  <datafield tag="035" ind1=" " ind2=" ">
    <subfield code="a">16198</subfield>
  </datafield>
  <datafield tag="040" ind1=" " ind2=" ">
    <subfield code="a">TR-AnCHP</subfield>
    <subfield code="b">tur</subfield>
    <subfield code="c">TR-AnCHP</subfield>
  </datafield>
  <datafield tag="041" ind1=" " ind2=" ">
    <subfield code="a">tur</subfield>
  </datafield>
  <datafield tag="082" ind1=" " ind2=" ">
    <subfield code="a">DAN 034</subfield>
    <subfield code="b">B99 [1993?]</subfield>
  </datafield>
  <datafield tag="090" ind1=" " ind2=" ">
    <subfield code="a">DAN 034 B99 [1993?]</subfield>
  </datafield>
  <datafield tag="245" ind1=" " ind2=" ">
    <subfield code="a">B&#xFC;y&#xFC;k Larousse s&#xF6;zl&#xFC;k ve ansiklopedisi</subfield>
    <subfield code="c">[Milliyet]</subfield>
  </datafield>
  <datafield tag="246" ind1=" " ind2=" ">
    <subfield code="a">Larousse</subfield>
  </datafield>
  <datafield tag="260" ind1=" " ind2=" ">
    <subfield code="a">&#x130;stanbul</subfield>
    <subfield code="b">Sabah</subfield>
    <subfield code="c">1992</subfield>
  </datafield>
  <datafield tag="300" ind1=" " ind2=" ">
    <subfield code="a">24 c.</subfield>
    <subfield code="b">res.; hrt.</subfield>
    <subfield code="c">29 cm.</subfield>
  </datafield>
  <datafield tag="500" ind1=" " ind2=" ">
    <subfield code="a">&amp;quot;Frans&#x131;z Grand Dictionnaire Encyclop&#xE9;dique Larousse (GDEL) temel al&#x131;narak haz&#x131;rlanm&#x131;&#x15F;t&#x131;r.&amp;quot;</subfield>
  </datafield>
  <datafield tag="504" ind1=" " ind2=" ">
    <subfield code="a">Kaynak&#xE7;a ve dizin var.</subfield>
  </datafield>
  <datafield tag="650" ind1=" " ind2=" ">
    <subfield code="a">Ansiklopediler ve s&#xF6;zl&#xFC;kler, Frans&#x131;z</subfield>
    <subfield code="y">T&#xFC;rk&#xE7;e</subfield>
  </datafield>
  <datafield tag="650" ind1=" " ind2=" ">
    <subfield code="a">Ansiklopediler</subfield>
    <subfield code="v">Genel k&#xFC;lt&#xFC;r</subfield>
  </datafield>
  <datafield tag="856" ind1=" " ind2=" ">
    <subfield code="z">Dijital N&#xFC;shas&#x131; i&#xE7;in Partimizin K&#xFC;t&#xFC;phane Sorumlusu ile ileti&#x15F;ime ge&#xE7;iniz.</subfield>
  </datafield>
  <datafield tag="942" ind1=" " ind2=" ">
    <subfield code="2">ddc</subfield>
    <subfield code="c">BKS</subfield>
  </datafield>
</record>
